Library Banner

Revolution in Iraq (Record no. 82623)

MARC details
000 -LEADER
fixed length control field 00400nam a22001457a 4500
005 - DATE AND TIME OF LATEST TRANSACTION
control field 20160204112534.0
008 - FIXED-LENGTH DATA ELEMENTS--GENERAL INFORMATION
fixed length control field 160204b xxu||||| |||| 00| 0 eng d
040 ## - CATALOGING SOURCE
Transcribing agency PK-LaUMT
082 ## - DEWEY DECIMAL CLASSIFICATION NUMBER
Classification number AMC 956.0841
Item number CAR-R
100 ## - MAIN ENTRY--PERSONAL NAME
Personal name Caractacus
245 ## - TITLE STATEMENT
Title Revolution in Iraq
Remainder of title an essay in comparative public opinion
Statement of responsibility, etc Caractacus
260 ## - PUBLICATION, DISTRIBUTION, ETC. (IMPRINT)
Place of publication, distribution, etc London
Name of publisher, distributor, etc Victor gollancz
Date of publication, distribution, etc 1959
300 ## - PHYSICAL DESCRIPTION
Extent 207 p.
942 ## - ADDED ENTRY ELEMENTS (KOHA)
Koha item type Books
Holdings
Withdrawn status Lost status Damaged status Home library Current library Date acquired Full call number Barcode Date last seen Price effective from Koha item type
      UMT Main Campus UMT Main Campus 2016-02-04 AMC 956.0841 CAR-R 85535 2016-02-04 2016-02-04 Books